Top 20 Smallest Countries By Area - Statistics

General Stats
  • This quiz has been taken 66 times
  • The average score is 16 of 20
Answer Stats
Hint Answer % Correct
0.44 km² Vatican City
100%
1.98 km² Monaco
95%
61 km² San Marino
95%
160 km² Liechtenstein
91%
468 km² Andorra
84%
21 km² Nauru
84%
261 km² St Kitts and Nevis
84%
616 km² St Lucia
84%
344 km² Grenada
81%
26 km² Tuvalu
81%
430 km² Barbados
77%
442 km² Antigua and Barbuda
74%
459 km² Palau
74%
452 km² Seychelles
72%
710 km² Singapore
72%
280 km² St Vincent and the Grenadines
72%
300 km² Maldives
70%
316 km² Malta
70%
702 km² Micronesia
67%
181 km² Marshall Islands
63%
No matching quizzes found
Score Distribution
Percent of People with Each Score
Percentile by Number Answered
Your Score History
You have not taken this quiz